LEADER 01010nam a2200229 i 4500 001 000000049800 003 CaOOAMICUS 005 20100920000000.0 008 100920s1935 it u000 u ita u 013 $a20971 040 $aSeMil$bita 100 1 $aBicchierai, Giuseppe <1898-1987>.$0(OLS)http://semarc/name/24661 245 13$aIl mondo degli affari e la morale /$cSac. Prof. Giuseppe Bicchierai ; Prefazione di S. E. Mons. Adriano Bernareggi Vecovo Coad. di Bergamo. 260 $aBrescia :$bMorcelliana,$ccopyr. 1935. 300 $aXXIII, 370 p. ;$c24 cm. 650 4$aEconomia e morale.$0(OLS)http://semarc/subject/6595 700 1 $aBernareggi, Adriano .$0(OLS)http://semarc/name/9994 850 $aSeMil 852 $aSeMil$W1$xVenegono$y1$m2E III 74$j15955$B15955$CSeMilBibl$Z2$F15955 $81 961 $aRecupero: Altro 996 $6245$aIl mondo degli affari e la morale$9(OLS)http://semarc/title/75868 996 $6260$aBrescia :$bMorcelliana$9(OLS)http://semarc/publisher/29629 LEADER 01022nam a2200265 i 4500 001 000000121687 003 CaOOAMICUS 005 20040107000000.0 008 040107s1981 it u000 u ita u 013 $a94382 040 $aSeMil$bita 100 1 $aCasini, Claudio,$d<1937-1994>.$0(OLS)http://semarc/name/3669 245 10$aVerdi /$cClaudio Casini. 260 $aMilano :$bRusconi,$c1981. 300 $a465 p., [12] c. di tav. :$bill., tabelle, grafici, notazioni musicali ;$c22 cm. 490 0 $aLa musica 500 $aContiene : Bibliografia essenziale. - Fondo Card. C.M. Martini. 600 14$aVerdi, Giuseppe <1813-1901>.$0(OLS)http://semarc/subject/5275 830 3$aLa musica.$0(OLS)http://semarc/title/9424 850 $aSeMil 852 $aSeMil$W1$xVenegono$y1$m3Q V 33$j76747$B76747$CSeMilBibl$Z2$F78294 $81 941 1 $a4 961 $aOmaggio: Martini Card. Carlo Maria 996 $6245$aVerdi$9(OLS)http://semarc/title/44630 996 $6260$aMilano :$bRusconi$9(OLS)http://semarc/publisher/30258